warisan Sastera PULAU PINANG / (Record no. 9910)

MARC details
000 -LEADER
fixed length control field 00880nam a2200277 i 4500
001 - CONTROL NUMBER
control field C2-0073242
003 - CONTROL NUMBER IDENTIFIER
control field PPAK
005 - DATE AND TIME OF LATEST TRANSACTION
control field 20250710174227.0
008 - FIXED-LENGTH DATA ELEMENTS--GENERAL INFORMATION
fixed length control field 970429s1985 my a er 000 cmay d
020 ## - INTERNATIONAL STANDARD BOOK NUMBER
Qualifying information paperback
Terms of availability RM0.00
040 ## - CATALOGING SOURCE
Original cataloging agency PPAK
Language of cataloging eng
Transcribing agency PPAK
Description conventions rda
082 04 - DEWEY DECIMAL CLASSIFICATION NUMBER
Classification number 928.9923
Edition number 23
090 00 - LOCALLY ASSIGNED LC-TYPE CALL NUMBER (OCLC); LOCAL CALL NUMBER (RLIN)
Classification number (OCLC) (R) ; Classification number, CALL (RLIN) (NR) 928.9923
Feature heading WAR
Feature heading KSS
Classification number (OCLC) (R) ; Classification number, CALL (RLIN) (NR) 928.9923
Feature heading WAR
Feature heading KWS
Classification number (OCLC) (R) ; Classification number, CALL (RLIN) (NR) 928.9923
Feature heading WAR
Feature heading KHB
245 00 - TITLE STATEMENT
Title warisan Sastera PULAU PINANG /
Statement of responsibility, etc. Diselenggarakan oleh ABDUL LATIFF ABU BAKAR.
264 #1 - PRODUCTION, PUBLICATION, DISTRIBUTION, MANUFACTURE, AND COPYRIGHT NOTICE
Place of production, publication, distribution, manufacture Kuala Lumpur :
Name of producer, publisher, distributor, manufacturer Biro Penerbitan Gapena,
Date of production, publication, distribution, manufacture, or copyright notice 1985
300 ## - PHYSICAL DESCRIPTION
Extent xiii, 189 pages :
Other physical details illustrations ;
Dimensions 23 cm
336 ## - CONTENT TYPE
Content type term text
Source rdacontent
337 ## - MEDIA TYPE
Media type term unmediated
Source rdamedia
338 ## - CARRIER TYPE
Carrier type term volume
Source rdacarrier
504 ## - BIBLIOGRAPHY, ETC. NOTE
Bibliography, etc. note Bibliography : page 188
650 10 - SUBJECT ADDED ENTRY--TOPICAL TERM
Topical term or geographic name entry element Authors, Malay
Form subdivision Biography
700 0# - ADDED ENTRY--PERSONAL NAME
Personal name Abdul Latiff Abu Bakar,
Relator term compiler.
942 ## - ADDED ENTRY ELEMENTS (KOHA)
Koha item type Book
Source of classification or shelving scheme Dewey Decimal Classification
Holdings
Withdrawn Not for loan Current library Shelving location Date acquired Full call number Barcode Date last seen Koha item type Total Checkouts
  Not For Loan Perpustakaan Alor Setar Koleksi Shaidun Shaari 15/05/2008 KSS 928.9923 WAR A00507602 08/05/2018 Book  
  Not For Loan Perpustakaan Alor Setar Koleksi Wan Shamsudin 12/09/2023 KWS 928.9923 WAR KWS000402 12/09/2023 Book